00255nam a22000977a 4500008004100000020001500041082002000056245003500076260003700111300000900148230620b xxu||||| |||| 00| 0 eng d a3930163969 a321.8bTHE 1995 aPolitical Parties in Democarcy bKonrad- Adenauer- Stiftungc1995 a482p